000 00571nam a2200181Ia 4500
008 090123s9999 xx 000 0 und d
082 _b3287
100 _aनरसिंहय्या अेन
245 _aचेलुवय चदुरंग
250 _a1
260 _bकुलकर्णी अ.अ.
300 _a191
600 _aनरसिंहय्या अेन
630 _aचेलुवय चदुरंग
700 _aनरसिंहय्या अेन
730 _aचेलुवय चदुरंग
942 _cBOOK
999 _c41367
_d41367